| LEADER | 00766nam a2200169 i 4500 | ||
|---|---|---|---|
| 003 | GR-PaULI | ||
| 005 | 20240702135225.0 | ||
| 008 | 240702s1986 gr ||||| |||| 00| 0 eng d | ||
| 040 | |a GR-PaULI |b gre |c GR-PaULI |e AACR2 | ||
| 082 | 0 | 4 | |2 23 |a 889.134 |
| 100 | 1 | |9 185209 |a Χυτήρης, Τηλέμαχος Γερ., |d 1945- |e συγγραφέας | |
| 245 | 1 | 0 | |a Σα να συνέβη / |c Τηλέμαχος Χυτήρης. |
| 300 | |a 43 σ. ; |c 21 εκ. | ||
| 942 | |2 ddc |c BK | ||
| 952 | |0 0 |1 0 |2 ddc |4 0 |6 889_134000000000000_ΧΥΤ |7 0 |9 381612 |a LISP |b LISP |c BSC |d 2024-07-02 |e ΚΟΤ |i 366615 |l 0 |o 889.134 ΧΥΤ |p 025000311508 |r 2024-07-02 00:00:00 |t 1 |w 2024-07-02 |y BK |z Δωρεά Ελισάβετ και Παναγιώτη Κοτζιά | ||
| 998 | |c ΣΑΤΛΑΝΗΣ |d 2024-06 | ||
| 999 | |c 221743 |d 221743 | ||